[Event "FRA-ch op-C"]
[Site "Nancy"]
[Date "2013.08.23"]
[Round "11"]
[White "Ribiere, Damien"]
[Black "Akulyan, Lyova"]
[Result "0-1"]
[WhiteElo "1686"]
[BlackElo "1758"]
[PlyCount "80"]
[EventDate "2013.08.11"]
[EventType "swiss"]
[EventRounds "11"]
[EventCountry "FRA"]
[SourceTitle "CBM 156 Extra"]
[Source "ChessBase"]
[SourceDate "2013.10.22"]
[SourceVersion "1"]
[SourceVersionDate "2013.10.22"]
[SourceQuality "1"]

1. e4 e5 2. Nf3 Nc6 3. d4 exd4 4. c3 d5 5. Bd3 dxc3 6. Qa4 Bd7 7. Nxc3 Nb4 8. Qd1 Nxd3+ 9. Qxd3 dxe4 10. Nxe4 Bb4+ 11. Bd2 Bxd2+ 12. Nfxd2 Nh6 13. 0-0 0-0 14. Qb3 Bc6 15. Rad1 Qh4 16. f3 Rad8 17. Rfe1 Rfe8 18. Qc2 Nf5 19. Nf1 Nd4 20. Qc4 Nf5 21. b4 Rxd1 22. Rxd1 h6 23. g3 Qe7 24. Nfd2 Ne3 25. Qe2 Nxd1 26. Qxd1 Qxb4 27. Qc2 f5 28. Nf2 Re2 29. Qc4+ Qxc4 30. Nxc4 Bxf3 31. h4 Kf7 32. Nd3 Be4 33. Nf4 Rxa2 34. Ne5+ Kf6 35. Nd7+ Ke7 36. Nc5 b6 37. Nce6 c5 38. Nxg7 c4 39. Kf1 c3 40. Ne2 Bd3 0-1